书目信息 |
| 题名: |
《帝国主义是资本主义的最高阶段》浅说
|
|
| 作者: | 《帝国主义是资本主义的最高阶段》浅说编写组编 | |
| 分册: | ||
| 出版信息: | 沈阳 辽宁人民出版社 1975 |
|
| 页数: | 132页 | |
| 开本: | 19cm | |
| 丛书名: | ||
| 单 册: | ||
| 中图分类: | A224 | |
| 科图分类: | ||
| 主题词: | 列宁著作研究-《帝国主义是资本主义的最高阶段》 , 帝国主义--研究 , 列字著作--单行本 | |
| 电子资源: | ||
| ISBN: | ||
| 000 | 00891nam0 2200253 45 | |
| 001 | 0175004308 | |
| 005 | 20060728162631.00 | |
| 010 | @dCNY0.26 | |
| 100 | @a19950921d1975 em y0chiy0121 ea | |
| 101 | 0 | @achi |
| 102 | @aCN@b210000 | |
| 105 | @ay z 000yy | |
| 200 | 10 | @a《帝国主义是资本主义的最高阶段》浅说@Adi guo zhu yi shi zi ben zhu yi de zui gao jie duan qian shuo@f《帝国主义是资本主义的最高阶段》浅说编写组编 |
| 210 | @a沈阳@c辽宁人民出版社@d1975 | |
| 215 | @a132页@d19cm | |
| 517 | 1 | @a帝国主义是资本主义的最高阶段浅说@Adi guo zhu yi shi zi ben zhu yi de zui gao jie duan qian shuo |
| 605 | @a《帝国主义是资本主义的最高阶段》-列宁著作研究 | |
| 606 | @a列宁著作研究-《帝国主义是资本主义的最高阶段》 | |
| 606 | @a帝国主义@x研究 | |
| 606 | 0 | @a列字著作@x单行本 |
| 690 | @aA224@v3 | |
| 801 | 0 | @aCN@bTSSF@c20060728 |
| 801 | 2 | @aCN@bNLC@c20060718 |
| 905 | @a10447@dA224@e33 | |
| 《帝国主义是资本主义的最高阶段》浅说/《帝国主义是资本主义的最高阶段》浅说编写组编.-沈阳:辽宁人民出版社,1975 |
| 132页;19cm |
| ISBN :CNY0.26 |
| ● |
| 相关链接 |
|
|
|
|
正题名:《帝国主义是资本主义的最高阶段》浅说
索取号:A224/33
 
预约/预借
| 序号 | 登录号 | 条形码 | 馆藏地/架位号 | 状态 | 备注 |
| 1 | 0424255 | 204242550 | 密集书库/ [索取号:A224/33] | 在馆 | |
| 2 | 0440525 | 204405250 | 密集书库/ [索取号:A224/33] | 在馆 |